[Event "VIE-ch U09"]
[Site "Ho Chi Minh City"]
[Date "2014.07.15"]
[Round "4"]
[White "Nguyen, Hanh Hoang Duc"]
[Black "Pham, Cong Minh"]
[Result "0-1"]
[WhiteElo "1526"]
[BlackElo "1484"]
[PlyCount "100"]
[EventDate "2014.07.13"]
[EventType "swiss"]
[EventRounds "9"]
[EventCountry "VIE"]
[SourceTitle "EXT 2016"]
[Source "ChessBase"]
[SourceDate "2015.10.08"]
[SourceVersion "1"]
[SourceVersionDate "2015.10.08"]
[SourceQuality "1"]

1. Nf3 d5 2. d4 Nf6 3. c4 c6 4. Nc3 e6 5. Qb3 Bd6 6. Bg5 0-0 7. e3 Nbd7 8. c5 Bc7 9. 0-0-0 Qe8 10. Bxf6 Nxf6 11. Qc2 e5 12. h3 e4 13. Nd2 Be6 14. Re1 Qe7 15. g4 b5 16. f4 exf3 17. Nxf3 a5 18. Bd3 g6 19. Nb1 a4 20. Rhf1 Kg7 21. a3 Rfb8 22. Nc3 b4 23. axb4 Rxb4 24. Na2 Rb3 25. Nd2 Rb7 26. Nc3 a3 27. bxa3 Rxa3 28. Ndb1 Raa7 29. Kd1 Ba5 30. Ke2 h5 31. g5 Ne8 32. h4 Bg4+ 33. Kf2 Qc7 34. Rh1 Qb8 35. Be2 Rb2 36. Qd3 Bc7 37. Rhg1 Bh2 38. Nd2 Bxe2 39. Nxe2 Bxg1+ 40. Rxg1 Raa2 41. Rd1 Qh2+ 42. Kf1 Qh3+ 43. Kg1 Qf5 44. Qc3 Rc2 45. Qb4 Qd3 46. Nc1 Qxe3+ 47. Kf1 Rxd2 48. Rxd2 Rxd2 49. Nd3 Qe2+ 50. Kg1 Qg2# 0-1